Rapport sur l'amiante dans l'environment de l'homme : ses conséquences et son avenir : No 329 /
Gorde:
| Erakunde egilea: | |
|---|---|
| Formatua: | Sách giấy |
| Hizkuntza: | Vietnamese |
| Argitaratua: |
Paris :
Assemblée nationale,
1997.
|
| Etiketak: |
Etiketa erantsi
Etiketarik gabe, Izan zaitez lehena erregistro honi etiketa jartzen!
|
| Thư viện lưu trữ: | Thư viện Trường Đại học Đà Lạt |
|---|
| LEADER | 00705nam a2200277 4500 | ||
|---|---|---|---|
| 001 | DLU140166476 | ||
| 005 | ##20141223 | ||
| 040 | # | # | |a DLU |b vie |
| 041 | # | # | |a vie |
| 044 | # | # | |a vn |
| 082 | # | # | |a 328.44 |b ASS |
| 110 | # | # | |a Assemblée nationale. |
| 245 | # | # | |a Rapport sur l'amiante dans l'environment de l'homme : ses conséquences et son avenir : No 329 / |c Assemblée nationale. |
| 260 | # | # | |a Paris : |b Assemblée nationale, |c 1997. |
| 300 | # | # | |a 190 tr. ; |c 25 cm. |
| 923 | # | # | |a 06/2014 |
| 991 | # | # | |a SH |
| 992 | # | # | |a 7600 |
| 994 | # | # | |a DLU |
| 900 | # | # | |a True |
| 911 | # | # | |a Đào Thị Thu Huyền |
| 925 | # | # | |a G |
| 926 | # | # | |a A |
| 927 | # | # | |a SH |
| 980 | # | # | |a Thư viện Trường Đại học Đà Lạt |